COMPUTER TECHNIQUES IN POWER SYSTEM ANALYSIS (Record no. 8233)
[ view plain ]
| 000 -LEADER | |
|---|---|
| fixed length control field | 00557nam a22001697a 4500 |
| 003 - CONTROL NUMBER IDENTIFIER | |
| control field | SGT |
| 020 ## - INTERNATIONAL STANDARD BOOK NUMBER | |
| International Standard Book Number | 9789332901131 |
| 082 ## - DEWEY DECIMAL CLASSIFICATION NUMBER | |
| Classification number | 621.3191 |
| Item number | PAI |
| 100 ## - MAIN ENTRY--PERSONAL NAME | |
| Personal name | PAI,M.A |
| 245 ## - TITLE STATEMENT | |
| Title | COMPUTER TECHNIQUES IN POWER SYSTEM ANALYSIS |
| 250 ## - EDITION STATEMENT | |
| Edition statement | 3RD |
| 260 ## - PUBLICATION, DISTRIBUTION, ETC. (IMPRINT) | |
| Place of publication, distribution, etc | NEW DELHI |
| Name of publisher, distributor, etc | TMH |
| Year of Publication | 2015 |
| 300 ## - PAGE DESCRIPTION | |
| No. of Pages | V.P |
| 650 ## - SUBJECT ADDED ENTRY--TOPICAL TERM | |
| Topical term or geographic name as entry element | MECHANICAL ENGINEERING |
| 653 ## - KEYWORDS--INDEX TERM | |
| Keyword term | POWER SYSTEMS COMPONENTS,TOPOLOGICAL ANALYSIS OF POWER NETWORKS, BUS IMPEDANCE ALGORITHM,SHORT CIRCUIT STUDIES, POWER FLOW STUDIES, OPTIMUM POWER FLOW.STABILITY STUDIES, RENEWABLE SOURCE |
| 942 ## - ADDED ENTRY ELEMENTS (KOHA) | |
| Source of classification or shelving scheme | Dewey Decimal Classification |
| Koha item type | Books |
| Withdrawn status | Lost status | Source of classification or shelving scheme | Damaged status | Use restrictions | Not for loan | Home library | Current library | Shelving location | Date acquired | Vendor Name | SGTU | Full call number | Accession No. (Barcode) | Date last seen | Bill Date | Koha item type |
|---|---|---|---|---|---|---|---|---|---|---|---|---|---|---|---|---|
| Dewey Decimal Classification | Restricted Access | Not For Loan | SGT Engineering Library | SGT Engineering Library | Reference Book | 13/01/2016 | GIFTED | SGTU | 621.3191 PAI | FE6503 | 13/01/2016 | 13/01/2016 | Books |